20 größte Städte China - Statistiken

Allgemein
  • Dieses Quiz wurde 98 mal gespielt
  • Das Durchschnittsergebnis liegt bei 10 aus 20
Antwortstatistiken
Einwohner Antwort % Korrekt
18.961.000 Peking
99%
21.910.000 Shanghai
99%
7.413.000 Hongkong
86%
16.097.000 Guangzhou
81%
9.393.000 Xi’An
77%
10.495.000 Wuhan
75%
17.445.000 Shenzhen
69%
13.568.000 Chengdu
64%
9.581.000 Chongqing
61%
11.052.000 Tianjin
56%
7.520.000 Nanjing
51%
9.236.000 Hangzhou
48%
7.026.000 Shenyang
32%
6.165.000 Qingdao
29%
5.630.000 Changsha
23%
5.893.000 Suzhou
21%
5.648.000 Jinan
19%
6.461.000 Zhengzhou
18%
9.645.000 Dongguan
14%
9.043.000 Foshan
13%
Keine übereinstimmenden Quizze gefunden
Verteilung der Resultate
Anzahl Personen mit jedem Resultat
Perzentil nach korrekt beantworteten Fragen
Ihre Resultats-Entwicklung
Sie haben dieses Quiz noch nicht gespielt